Comprehensive inorganic chemistry. Vol.2. (for Bsc second year). (Record no. 107926)
[ view plain ]
| 000 -LEADER | |
|---|---|
| fixed length control field | 00413nam a2200145Ia 4500 |
| 008 - FIXED-LENGTH DATA ELEMENTS--GENERAL INFORMATION | |
| fixed length control field | 210210b2006 xxu||||| |||| 00| 0 eng d |
| 082 ## - DEWEY DECIMAL CLASSIFICATION NUMBER | |
| Classification number | 546 CHAC |
| 100 ## - MAIN ENTRY--PERSONAL NAME | |
| Personal name | CHANDRA (Sulekh). |
| 245 ## - TITLE STATEMENT | |
| Title | Comprehensive inorganic chemistry. Vol.2. (for Bsc second year). |
| 260 ## - PUBLICATION, DISTRIBUTION, ETC. | |
| Place of publication, distribution, etc. | New Delhi |
| Name of publisher, distributor, etc. | New age international publishers |
| Date of publication, distribution, etc. | 2006 |
| 300 ## - PHYSICAL DESCRIPTION | |
| Extent | 281 |
| 440 ## - SERIES STATEMENT/ADDED ENTRY--TITLE | |
| Title | 2 |
| 690 ## - LOCAL SUBJECT ADDED ENTRY--TOPICAL TERM (OCLC, RLIN) | |
| Topical term or geographic name as entry element | Inorganic Chemistry |
| 906 ## - LOCAL DATA ELEMENT F, LDF (RLIN) | |
| a | 061238 |
| Withdrawn status | Lost status | Damaged status | Not for loan | Collection code | Home library | Current library | Shelving location | Date acquired | Source of acquisition | Cost, normal purchase price | Total Checkouts | Full call number | Barcode | Date last seen | Price effective from | Koha item type |
|---|---|---|---|---|---|---|---|---|---|---|---|---|---|---|---|---|
| St Aloysius Library | St Aloysius Library | 02/17/2021 | West Coast Paper and Stationers Mangalore-1 | 145.00 | 546 CHAC | 061238 | 02/17/2021 | 02/17/2021 | Book |